| Tag |
First Indicator |
Second Indicator |
Subfields |
| LEADER |
00000cam a2200000 a 4500 |
| 001 |
in00001042721 |
| 005 |
20150928155255.0 |
| 008 |
910624s1991 couab b 001 0 eng |
| 010 |
|
|
|a 91022456
|
| 020 |
|
|
|a 0813377846 (softcover : acid-free paper)
|
| 035 |
|
|
|a (OCoLC)24107476
|
| 035 |
|
|
|9 AFJ4445AM
|
| 040 |
|
|
|a DLC
|c DLC
|d AGL
|d UtOrBLW
|
| 043 |
|
|
|a f-ke---
|
| 049 |
|
|
|a TXAM
|
| 050 |
0 |
0 |
|a DT433.545.A75
|b F73 1991
|
| 100 |
1 |
|
|a Fratkin, Elliot M.
|
| 245 |
1 |
0 |
|a Surviving drought & development :
|b Ariaal pastoralists of northern Kenya /
|c Elliot Fratkin.
|
| 264 |
|
1 |
|a Boulder, Colo. :
|b Westview Press,
|c 1991.
|
| 300 |
|
|
|a xv, 152 pages :
|b illustrations, maps ;
|c 23 cm.
|
| 336 |
|
|
|a text
|b txt
|2 rdacontent
|
| 337 |
|
|
|a unmediated
|b n
|2 rdamedia
|
| 338 |
|
|
|a volume
|b nc
|2 rdacarrier
|
| 490 |
1 |
|
|a Conflict and social change series
|
| 500 |
|
|
|a Cover title: Surviving drought and development.
|
| 504 |
|
|
|a Includes bibliographical references (pages 135-142) and index.
|
| 650 |
|
0 |
|a Ariaal (African people)
|
| 650 |
|
0 |
|a Ariaal (African people)
|x Social conditions.
|
| 650 |
|
0 |
|a Ariaal (African people)
|x Missions.
|
| 650 |
|
0 |
|a Herders
|z Kenya
|z Lewogoso Lukumai Settlement.
|
| 650 |
|
0 |
|a Rural development
|z Kenya
|z Lewogoso Lukumai Settlement
|x International cooperation.
|
| 650 |
|
0 |
|a Droughts
|z Kenya
|z Lewogoso Lukumia Settlement.
|
| 651 |
|
0 |
|a Lewogoso Lukumai Settlement (Kenya)
|x Social conditions.
|
| 651 |
|
0 |
|a Lewogoso Lukumai Settlement (Kenya)
|x Economic conditions.
|
| 740 |
0 |
|
|a Surviving drought and development.
|
| 830 |
|
0 |
|a Conflict and social change series.
|
| 999 |
|
|
|a MARS
|
| 999 |
f |
f |
|s b3b9ae35-1bd8-3a21-a153-2dc40ebc62bc
|i 60d6c949-b0aa-37d3-9be0-a520494fe7b0
|t 0
|
| 952 |
f |
f |
|p normal
|a Texas A&M University
|b College Station
|c Sterling C. Evans Library
|d Evans: Library Stacks
|t 0
|e DT433.545 .A75 F73 1991
|h Library of Congress classification
|i unmediated -- volume
|m A14816878719
|
| 998 |
f |
f |
|a DT433.545 .A75 F73 1991
|t 0
|l Evans: Library Stacks
|